00333nam a2200121Ia 4500008004100000041000800041082001500049100001800064245003800082250000800120260007000128300001300198231228s1992 xx 000 0 und d aeng a615.6bPAR aPARISH (Peter aMedicines, A Guide for Every body a7th aNew DelhibPenguin Books India Pvt. Ltd. New Delhi , Londonc1992 axvi, 615